00374pab a2200133 454500008004000000245005400040260000900094300001500103362001200118650003000130650002200160650001400182773004400196180718b1991 xxu||||| |||| 00| 0 eng d aSpecial issue on administering elections in India c1991 ap.267-636. aJul-Sep aSpecial issue - Elections aElections - India aElections aIndian Journal of Public Administration